[Event "IND-chT"]
[Site "Gurgaon"]
[Date "2010.02.22"]
[Round "3"]
[White "Thejkumar, MS."]
[Black "Sengupta, Pratik"]
[Result "1-0"]
[WhiteElo "2435"]
[BlackElo "2077"]
[PlyCount "65"]
[EventDate "2010.02.21"]
[EventType "team"]
[EventRounds "9"]
[EventCountry "IND"]
[SourceTitle "CBM 135 Extra"]
[Source "ChessBase"]
[SourceDate "2010.05.04"]
[SourceVersion "1"]
[SourceVersionDate "2010.05.04"]
[SourceQuality "1"]

1. d4 e6 2. c4 Nf6 3. Nf3 b6 4. a3 Bb7 5. Nc3 Be7 6. d5 0-0 7. g3 d6 8. Bg2 a5 9. 0-0 e5 10. Rb1 Na6 11. b4 axb4 12. axb4 Ne8 13. e4 Bc8 14. Ne1 f5 15. Nd3 Nf6 16. f4 fxe4 17. Nxe4 Bf5 18. Re1 Nxe4 19. Bxe4 Bxe4 20. Rxe4 Bf6 21. fxe5 dxe5 22. Bb2 Qd6 23. Bxe5 Bxe5 24. Rxe5 Rae8 25. Qe2 Rxe5 26. Qxe5 Qg6 27. Qe6+ Qxe6 28. dxe6 Rd8 29. e7 Re8 30. Ra1 Nb8 31. Ra8 Kf7 32. Ne5+ Kxe7 33. Rxb8 1-0